Le vrai à l’aune de la perception (notice n° 1605376)

détails MARC
000 -LEADER
fixed length control field 01824cam a2200193 4500500
005 - DATE AND TIME OF LATEST TRANSACTION
control field 20251228095028.0
041 ## - LANGUAGE CODE
Language code of text/sound track or separate title fre
042 ## - AUTHENTICATION CODE
Authentication code dc
100 10 - MAIN ENTRY--PERSONAL NAME
Personal name Berthoz, Alain
Relator term author
245 00 - TITLE STATEMENT
Title Le vrai à l’aune de la perception
260 ## - PUBLICATION, DISTRIBUTION, ETC.
Date of publication, distribution, etc. 2016.<br/>
500 ## - GENERAL NOTE
General note 40
520 ## - SUMMARY, ETC.
Summary, etc. Alain Berthoz montre combien le vrai, le faux, l’illusion sont absolument dépendants des grilles d’interprétation du cerveau. Celui-ci est une machine qui fonctionne en boucles neuronales. Ces grilles d’interprétation sont l’émanation de « modèles internes du corps », d’un double de nous-même qui donne au cerveau non seulement la possibilité de percevoir le monde mais celle d’anticiper l’action et même de créer des mondes.
520 ## - SUMMARY, ETC.
Summary, etc. Alain Berthoz shows how completely we rely on the brain’s interpretive grids to determine what is true, what is false or what is merely an illusion. The brain is a machine working in neuronal loops. Those interpretive grids stem from “the body’s internal models”, from a double of ourselves which allows the brain to perceive the world but also to anticipate our actions and even to create other worlds.
520 ## - SUMMARY, ETC.
Summary, etc. Alain Berthoz mostra até que ponto o verdadeiro, o falso e a ilusão não passam de grelhas de interpretação do nosso cérebro, uma máquina que funciona em anéis neuronais. Essas grelhas interpretativas são a emanação de “modelos internos do corpo”, de um duplo de nós próprios que confere ao cérebro não somente a possibilidade de apreender o mundo como a de antecipar a acção e mesmo de criar outros mundos.
700 10 - ADDED ENTRY--PERSONAL NAME
Personal name Baladier-Bloch, Isabelle
Relator term author
786 0# - DATA SOURCE ENTRY
Note Sigila | 38 | 2 | 2016-10-03 | p. 25-36 | 1286-1715
856 41 - ELECTRONIC LOCATION AND ACCESS
Uniform Resource Identifier <a href="https://shs.cairn.info/revue-sigila-2016-2-page-25?lang=fr&redirect-ssocas=7080">https://shs.cairn.info/revue-sigila-2016-2-page-25?lang=fr&redirect-ssocas=7080</a>

Pas d'exemplaire disponible.

PLUDOC

PLUDOC est la plateforme unique et centralisée de gestion des bibliothèques physiques et numériques de Guinée administré par le CEDUST. Elle est la plus grande base de données de ressources documentaires pour les Étudiants, Enseignants chercheurs et Chercheurs de Guinée.

Adresse

627 919 101/664 919 101

25 boulevard du commerce
Kaloum, Conakry, Guinée

Réseaux sociaux

Powered by Netsen Group @ 2025